000 00509cam a2200205ua 4500
001 5959
008 131109n ii |||gr||||Z||||||eng
020 _a978-81-237-4935-8
040 _cMAIN
082 _a954.0317
245 _aRebellion 1857
_ced. by P C Joshi
250 _a1st NBT ed/ 1st rep.
260 _aNew Delhi:
_bNational Book Trust,
_c2007.
300 _aix,379p.
653 _aHistory
653 _aRebellion 1957
653 _aSepoy mutiny
700 _aJoshi,P.C.,
_eEditor.,
942 _cBK
999 _c5113
_d5113